Boîte à Jus – Mort Subite - Statistiques

Statistiques générales
  • Ce quiz a été pris 190 fois
  • Le résultat moyen est 12 sur 27
Answers on the Grid
Answers color-coded by a green-red scale on the quiz's grid according to % correct below.
🍎
🍊
🍋
🍏
🍋
🍎
🍋
🍋
🍎
🍊
🍋
🍎
🍊
🍊
🍋
🍋
🍎
🍏
🍋
🍎
🍏
🍏
🍎
🍋
🍏
🍎
🍎
🍊
🍋
🍊
🍎
🍊
🍊
🍋
🍎
🍎
🍊
🍋
🍎
🍎
🍊
🍋
🍋
🍎
🍊
🍏
🍋
🍎
🍎
 
Statistiques - réponses
Réponse % Correct
🍎
86%
🍊
71%
🍎
64%
🍋
52%
🍎
45%
🍎
43%
🍎
41%
🍋
40%
🍊
39%
🍎
39%
🍎
38%
🍊
38%
🍎
38%
🍊
38%
🍎
38%
🍋
38%
🍎
38%
🍋
38%
🍎
38%
🍊
37%
🍎
37%
🍊
37%
🍋
37%
🍎
37%
🍋
37%
🍊
37%
🍋
35%
Aucun quiz correspondant
Distribution des résultats
% des personnes avec chaque résultat
Percentile par nombre de réponses
Votre historique - résultats
Vous n’avez pas pris ce quiz